Chrono-Logique: Harry Potter et le monde des Sorciers - Statistiques

Statistiques générales
  • Ce quiz a été pris 84 917 fois
  • Le résultat moyen est 8 sur 11
Réponses sur la Carte
Les réponses sont colorées sur une échelle allant du rouge au vert en fonction du pourcentage des utilisateurs qui les ont devinées à leur premier essai. Vous pouvez retrouver ces pourcentages ci-dessous.
 
Statistiques - réponses
Réponse % Correct
À l’école des sorciers
97%
La Chambre des secrets
92%
La Coupe de feu
86%
Le Prisonnier d'Azkaban
83%
Le Prince de sang-mêlé
82%
Les Reliques de la Mort
79%
L'Ordre du Phénix
76%
Les Animaux fantastiques
64%
Les Secrets de Dumbledore
63%
Les Crimes de Grindelwald
59%
L'Enfant maudit
38%
Aucun quiz correspondant
Distribution des résultats
% des personnes avec chaque résultat
Percentile par nombre de réponses
Votre historique - résultats
Vous n’avez pas pris ce quiz